| 000 | 00365nam a2200157Ia 4500 | ||
|---|---|---|---|
| 005 | 20250425161148.0 | ||
| 008 | 250425s9999 xx 000 0 und d | ||
| 041 | _aeng | ||
| 082 | _aIBM4381 | ||
| 245 | 0 | _aGEOMETRIC DESIGN STANDARDS FOR LOW-VOLUME ROA | |
| 250 | _aS.E. | ||
| 260 | _aS.L. | ||
| 260 |
_aSin Pais _bNAAS _c1978 |
||
| 942 | _c01 | ||
| 010 | _a14087 | ||
| 999 |
_c203654 _d203654 |
||